| 000 | 00360nam a22001457a 4500 | ||
|---|---|---|---|
| 020 | _a81-8204-045-0 | ||
| 082 |
_a651.3 _bSRI |
||
| 100 | _aSRIVASTAV, V.K | ||
| 245 | _aHOTEL ACOMMODATION : OPRATION & MANAGEMENT | ||
| 260 |
_aDELHI _bAMAN _c2008 |
||
| 300 | _a298 | ||
| 650 | _aHOTEL AND OPRATION MANAGEMENT | ||
| 653 | _aOPRATION MANAGEMENT | ||
| 942 |
_2ddc _cBK |
||
| 999 |
_c8095 _d8095 |
||